| 000 | 00571nam a2200193 i 4500 | ||
|---|---|---|---|
| 001 | 135215 | ||
| 003 | ES-MaACL | ||
| 005 | 20230906194830.0 | ||
| 007 | t| | ||
| 008 | 070712s1970 sp ||||1| spa d | ||
| 080 | _a159.952 | ||
| 080 | _a159.953 | ||
| 100 | 1 |
_aTocquet, Robert. _9110391 |
|
| 245 | 1 | 0 |
_aCómo desarrollar la atención y la memoria / _cRobert Tocquet ; traductor Alvaro Espina. |
| 260 |
_aMadrid : _bIberico Europea, _c[1970] |
||
| 300 |
_a188 p. con 4 lám. ; _c21 cm. |
||
| 700 | 1 |
_aEspina, Alvaro. _947832 |
|
| 852 |
_aES-MaACL _jC-45697 _bR.73704 |
||
| 999 |
_c135215 _d135215 |
||